000 01338nam a2200325 i 4500
003 EG-GICUC
005 20260121101652.0
008 260106m19811982ua ||||fr|||| 000 0 ara d
040 _a EG-GICUC
_bara
_c EG-GICUC
_d EG-GICUC
_erda
041 0 _aara
082 0 4 _221
_a345.455
_bأ ن . ق
092 0 4 _221
099 _aLaw1 07 345.455 أ ن . ق 2 ed - 1983
100 0 _aأنور العمروسي
_eمؤلف.
245 1 0 _aقضاء العمال :
_bالتنظيم القانوني للعاملين بالقطاع العام والقطاع الخاص /
_cالدكتور أنور العمروسي.
250 _aالطبعة الثانية
264 1 _aالاسكندرية :
_bدار المطبوعات الجامعية،
_c1983.
300 _a922 صفحة ؛
_c24 سم.
_bإيضاحيات، صور، مثيليات ؛
336 _2rda content
_atext
337 _2rda media
_aComputer
338 _2rda carrier
_aOnline Resource
504 _a. 240-220 ببليوجرافيا: صفحات.
546 _aالنص باللغة العربية
650 1 4 _aالنظام القانوني للعاملين بالقطاع العام
_2qrmak
650 1 4 _aالقانون الاداري
_2qrmak
651 1 _2qrmak
856 4 0 _uhttps://fll.law.cu.edu.eg/fulltext/bks/B07-01513.pdf
905 _a79
942 _2ddc
_cBK
_e21
_n0
999 _c54820
_d54820